Farm families & change in twentieth-century America /

Bibliographic Details
Main Author: Friedberger, Mark
Format: Book
Language:English
Published: Lexington, Ky. : University Press of Kentucky, [1988]
Subjects:

MARC

Tag First Indicator Second Indicator Subfields
LEADER 00000cam a2200000 a 4500
001 in00000028077
005 20151007055953.0
008 871201s1988 kyu b s00110 eng
010 |a  87034548  
020 |a 0813116368 (alk. paper) :  |c $28.00 
035 |a (OCoLC)17259699 
035 |9 AAB9766AM 
040 |a DLC  |c DLC  |d TXA  |d UtOrBLW 
043 |a n-us--- 
049 |a TXAM  |c [A11506935] 
050 0 0 |a HD1476.U5  |b F75 1988 
070 0 |a HD1476.U5F75 
072 0 |a E200 
082 0 |a 338.1/6  |2 19 
100 1 |a Friedberger, Mark. 
245 1 0 |a Farm families & change in twentieth-century America /  |c Mark Friedberger. 
264 1 |a Lexington, Ky. :  |b University Press of Kentucky,  |c [1988] 
264 4 |c ©1988 
300 |a x, 282 pages ;  |c 25 cm. 
336 |a text  |b txt  |2 rdacontent 
337 |a unmediated  |b n  |2 rdamedia 
338 |a volume  |b nc  |2 rdacarrier 
500 |a Spine title: Farm families & change. 
504 |a Bibliography: pages [254]-277. 
500 |a Includes index. 
650 0 |a Family farms  |z United States. 
650 0 |a Families  |z United States. 
651 0 |a United States  |x Rural conditions. 
650 0 |a Agriculture  |x Economic aspects  |z United States. 
740 0 |a Farm families & change. 
740 0 |a Farm families and change in twentieth-century America. 
999 |a MARS 
999 f f |s 44ae9753-f35e-3f71-9858-451f7443261a  |i 93852c1c-9e88-3a63-9b8c-52a8af8c078a  |t 0 
952 f f |p ric  |a Texas A&M University  |b Rellis Campus  |c Joint Library Facility  |d Remote Storage  |t 0  |e HD1476.U5 F75 1988  |h Library of Congress classification  |i unmediated -- volume  |m A14811506935 
998 f f |a HD1476.U5 F75 1988  |t 0  |l Remote Storage